ბათუმის შოთა რუსთაველის სახელმწიფო უნივერსიტეტის ბიბლიოთეკა

Русский Язык : (Фонетика,морфология) : (ბიბ.ჩანაწერი № 49638)

000 -LEADER
fixed length control field 00928nam a2200229Ia 4500
001 - CONTROL NUMBER
control field 16570
003 - CONTROL NUMBER IDENTIFIER
control field GE_BSU
005 - DATE AND TIME OF LATEST TRANSACTION
control field 20250128115120.0
008 - FIXED-LENGTH DATA ELEMENTS--GENERAL INFORMATION
fixed length control field 181216s2015||||ru |||||||||||||| ||rus||
040 ## - CATALOGING SOURCE
Transcribing agency GE_BSU
080 ## - UNIVERSAL DECIMAL CLASSIFICATION NUMBER
Universal Decimal Classification number 811.161.1'36 A-95
100 ## - MAIN ENTRY--PERSONAL NAME
Personal name Ахвледиани, Мераб
9 (RLIN) 6815
245 ## - TITLE STATEMENT
Title Русский Язык : (Фонетика,морфология) :
Remainder of title Учеб. пособ. для студ. поступающих в вузы /
Statement of responsibility, etc. М. Ахвледиани, Д. Абашидзе ; Под ред. : М. Ахвледиани.
264 ## - PRODUCTION, PUBLICATION, DISTRIBUTION, MANUFACTURE, AND COPYRIGHT NOTICE
Place of production, publication, distribution, manufacture Тбилиси :
Name of producer, publisher, distributor, manufacturer Ивериони,
Date of production, publication, distribution, manufacture, or copyright notice 2015.
300 ## - PHYSICAL DESCRIPTION
Extent 372 стр. ;
Dimensions 21см.
653 ## - INDEX TERM--UNCONTROLLED
keyword Русский Язык
653 ## - INDEX TERM--UNCONTROLLED
keyword Фонетика, морфология
653 ## - INDEX TERM--UNCONTROLLED
keyword რუსული ენა : გრამატიკა
653 ## - INDEX TERM--UNCONTROLLED
keyword ფონეტიკა, მორფოლოგია
942 ## - ADDED ENTRY ELEMENTS (KOHA)
Koha item type წიგნი
Source of classification or shelving scheme
ეგზემპლარები
Withdrawn status Lost status Source of classification or shelving scheme Damaged status Not for loan Permanent Location Current Location Shelving location Date acquired Cost, normal purchase price Full call number Barcode Date last seen Copy number Price effective from Koha item type Public note
          ბათუმის შოთა რუსთაველის სახელმწიფო უნივერსიტეტის მთავარი ბიბლიოთეკა ბათუმის შოთა რუსთაველის სახელმწიფო უნივერსიტეტის მთავარი ბიბლიოთეკა წიგნსაცავი 2018-12-17 13.00 811.161.1'36 A-95 27645 2018-12-17 27645 2018-12-17 წიგნი 13.00 ₾.